Handbook of heating, ventilation, and air conditioning /

Over the past 20 years, energy conservation imperatives, the use of computer based design aids, and major advances in intelligent management systems for buildings have transformed the design and operation of comfort systems for buildings. The ""rules of thumb"" used by designers...

Full description

Bibliographic Details
Corporate Author: Taylor & Francis
Other Authors: Kreider, Jan F., 1942-
Format: eBook
Language:English
Language Notes:English.
Published: Boca Raton, FL : CRC Press, ©2001.
Series:Mechanical engineering handbook series.
Subjects:
Online Access:Connect to the full text of this electronic book

MARC

Tag First Indicator Second Indicator Subfields
LEADER 00000cam a2200000 a 4500
001 in00005679321
005 20260205201957.2
006 m o d
007 cr |||||||||||
008 000818s2001 flua obf 001 0 eng d
010 |z  00064673  
040 |a OTZ  |b eng  |e pn  |c OTZ  |d OCLCF  |d OCLCO  |d OCL  |d OCLCQ  |d EBLCP  |d OCLCQ  |d UAB  |d ERL  |d OCLCQ  |d CEF  |d UPM  |d NLE  |d COBAS  |d AU@  |d S9I  |d TYFRS  |d LEAUB  |d UKAHL  |d OL$  |d OCLCQ  |d UWW  |d INARC  |d OCLCO  |d OCLCQ  |d OCLCO  |d OCLCL  |d OCLCQ  |d OCLCL 
019 |a 987674673  |a 991942713  |a 994896621  |a 1006808066  |a 1031048822  |a 1052755670  |a 1087243004  |a 1097116693 
020 |a 9781420036466  |q (e-book ;  |q PDF) 
020 |a 1420036467  |q (e-book ;  |q PDF) 
020 |z 9780849395840 
020 |a 0849395844 
020 |a 9780849395840 
020 |a 1280503769 
020 |a 9781280503764 
020 |a 9786610503766 
020 |a 6610503761 
024 7 |a 10.1201/9781420036466  |2 doi 
035 |a (OCoLC)759861225  |z (OCoLC)987674673  |z (OCoLC)991942713  |z (OCoLC)994896621  |z (OCoLC)1006808066  |z (OCoLC)1031048822  |z (OCoLC)1052755670  |z (OCoLC)1087243004  |z (OCoLC)1097116693 
050 4 |a TH7225  |b .K74 2001 
080 |a 621.56/.59 Q3 
082 0 4 |a 697  |b H236 
049 |a TXAM 
245 0 0 |a Handbook of heating, ventilation, and air conditioning /  |c edited by Jan F. Kreider. 
260 |a Boca Raton, FL :  |b CRC Press,  |c ©2001. 
300 |a 1 online resource (680 pages) :  |b illustrations. 
336 |a text  |b txt  |2 rdacontent 
337 |a computer  |b c  |2 rdamedia 
338 |a online resource  |b cr  |2 rdacarrier 
347 |a data file  |2 rda 
490 1 |a Mechanical engineering handbook series 
504 |a Includes bibliographical references and index. 
505 0 |a INTRODUCTION TO THE BUILDINGS SECTOR; FUNDAMENTALS; Thermodynamic and Heat Transfer Basics; Psychrometrics and Comfort; ECONOMIC ASPECTS OF BUILDINGS; Central and Distributed Utilities; Economics & Costing of HVAC Systems; HVAC EQUIPMENT AND SYSTEMS; Heating Systems; Air conditioning Systems; Ventilation and Air Handling Systems; Electrical Systems; CONTROLS; Controls Fundamentals; Intelligent Buildings; HVAC DESIGN CALCULATIONS; Energy Calculations -- Building Loads; Simulation and Modeling -- Building Energy Consumption; Energy Conservation in Buildings; Solar Energy System Analysis and Design; OPERATION AND MAINTENANCE; HVAC System Commissioning; Building System Diagnostics and Preventive Maintenance; APPENDICES; Appendix A: Properties of Gases and Vapors; Appendix B: Properties of Liquids; Appendix C: Properties of Solids; Appendix D: Gases and Vapors; Appendix E: Composition and Heating Values of Common Fuels; INDEX 
520 |a Over the past 20 years, energy conservation imperatives, the use of computer based design aids, and major advances in intelligent management systems for buildings have transformed the design and operation of comfort systems for buildings. The ""rules of thumb"" used by designers in the1970s are no longer viable. Today, building systems engineers must have a strong analytical basis for design synthesis processes. But how can you develop this basis? Do you have on your shelf a reference that describes all the latest methods? Does it cover everything from the fundamentals to state-of-the. 
546 |a English. 
650 0 |a Heating  |v Handbooks, manuals, etc. 
650 0 |a Ventilation  |v Handbooks, manuals, etc. 
650 0 |a Air conditioning  |v Handbooks, manuals, etc. 
650 6 |a Chauffage  |v Guides, manuels, etc. 
650 6 |a Ventilation  |v Guides, manuels, etc. 
650 6 |a Climatisation  |v Guides, manuels, etc. 
650 7 |a TECHNOLOGY & ENGINEERING  |x Construction  |x Heating, Ventilation & Air Conditioning.  |2 bisacsh 
650 7 |a Air conditioning  |2 fast 
650 7 |a Heating  |2 fast 
650 7 |a Ventilation  |2 fast 
650 1 7 |a Verwarming.  |2 gtt 
650 1 7 |a Ventilatie.  |2 gtt 
650 1 7 |a Klimaatregeling.  |2 gtt 
655 7 |a Electronic books.  |2 local 
655 7 |a Handbooks and manuals  |2 fast 
700 1 |a Kreider, Jan F.,  |d 1942-  |1 https://id.oclc.org/worldcat/entity/E39PCjxMBfp9pCMxRybGFd43Xq 
710 2 |a Taylor & Francis. 
758 |i has work:  |a Handbook of heating, ventilation, and air conditioning (Text)  |1 https://id.oclc.org/worldcat/entity/E39PCGxmfhBJbfkhyMdwW68vh3  |4 https://id.oclc.org/worldcat/ontology/hasWork 
776 1 |z 9780849395840 
830 0 |a Mechanical engineering handbook series. 
856 4 0 |u http://proxy.library.tamu.edu/login?url=https://www.taylorfrancis.com/books/9780429128110  |z Connect to the full text of this electronic book  |t 0 
936 |a BATCHLOAD 
955 |a Taylor and Francis ENGnetBASE 
994 |a 92  |b TXA 
999 f f |i f51543e7-8bf7-4f80-9891-f302811155bb  |s 03e2a24f-9915-431b-93e7-37db0b8670c9  |t 0 
952 f f |a Texas A&M University  |b College Station  |c Electronic Resources  |s www_evans  |d Available Online  |t 0  |e TH7225 .K74 2001  |h Library of Congress classification 
998 f f |a TH7225 .K74 2001  |t 0  |l Available Online